[Event "Tata Steel-A 79th"]
[Site "Wijk aan Zee"]
[Date "2017.01.22"]
[Round "8"]
[White "Adhiban, Baskaran"]
[Black "Andreikin, Dmitry"]
[Result "1-0"]
[WhiteElo "2653"]
[BlackElo "2736"]
[Annotator "Lenderman,A"]
[PlyCount "91"]
[EventDate "2017.01.14"]
[EventType "tourn"]
[EventRounds "13"]
[EventCountry "NED"]
[EventCategory "21"]
[SourceTitle "CBM 177"]
[Source "ChessBase"]
[SourceDate "2017.03.16"]
[SourceVersion "1"]
[SourceVersionDate "2017.03.16"]
[SourceQuality "1"]

1. e4 e5 2. Nc3 $5 {Steering the games into less explored areas has worked
incredibly well for Adhiban in this tournament. In the last 4 games Adhiban
scored an amazing, all with not the most mainstream lines.} Nc6 3. g3 (3. f4 {
is also possible}) 3... g6 4. Bg2 Bg7 5. d3 d6 6. f4 Nge7 7. Nf3 Nd4 8. O-O Bg4
9. Be3 c5 10. Qd2 O-O 11. Nh4 exf4 12. Bxf4 Qd7 (12... b5 $5 13. Rf2 b4 14. Nd1
Bxd1 15. Rxd1 Ne6 16. Bh6 Bxb2 $5 17. Bxf8 Qxf8 $44 {deserved attention
perhaps. Black has a pawn and a very strong bishop for the exchange and has
full control of the dark squares, and also probably won't have to ever worry
about an attack.}) 13. Rf2 Rae8 $6 (13... f6 {Perhaps this was a better
defence. It's basically prophylaxis against Bh6.} 14. Bh6 $6 (14. Be3 b5 {
is probably roughly equal}) 14... Bxh6 15. Qxh6 g5 {This is the main point.
Now White is in an awkward spot.} 16. Nf3 (16. Rxf6 Rxf6 17. Qxg5+ Rg6 18. Nxg6
Nxg6 19. Nd5 Kh8 {and White probably doesn't have enough compensation.}) (16.
h3 gxh4 17. hxg4 hxg3 18. Rxf6 Rxf6 19. Qxf6 Rf8 20. Qh4 Ng6 21. Qxg3 Ne5 $40 {
Black has very good pieces here.}) (16. e5 gxh4 17. exf6 (17. Ne4 fxe5 18. Raf1
Nef5 19. Nf6+ Rxf6 20. Qxf6 Qf7 $1 $17 {and again White's initiative falls
short.}) 17... Ng6) 16... Nef5 $1 {That's the point!} 17. exf5 Nxf5 18. Ne5
dxe5 $19) 14. Bh6 $1 Bxh6 15. Qxh6 {Here White already has a dangerous
practical initiative if not already an objective advantage.} b5 16. h3 Be6 17.
Raf1 Qd8 $6 {This move is already a serious mistake in a difficult position.} (
17... Nec6 18. Nf5 $1 f6 19. Ne3 Qg7 20. Qxg7+ Kxg7 21. Ncd5 $14 {White might
be slightly better but the game is still defensible for Black.}) 18. Nb1 $6 {
Objectively not the most precise execution, though it worked very well for
White in the game.} (18. Nd1 $1 {From here it goes to e3 and really develops
lots of initiative.} d5 {Probably White played Nb1 with the idea to discourage
...d5, but it turns out even here ...d5 isn't so effective for Black.} 19. Ne3
dxe4 20. dxe4 f5 $1 {This seems like the only move.} (20... Nec6 21. Nhf5 $1 {
It turns out that this threat is too powerful.}) (20... Bc4 21. e5 $3 Bxf1 22.
Ng4 $1 f5 23. Nf6+ Rxf6 (23... Kf7 24. Bxf1 {and White has a decisive attack.})
24. exf6 Ne6 25. Bxf1 $18) 21. c3 fxe4 $1 {And again an only move.} 22. Bxe4 (
22. cxd4 cxd4 {is suddenly very good compensation for Black.}) 22... Rxf2 23.
Rxf2 Ndf5 (23... Ndc6 $2 24. Nxg6 $18) 24. Nhxf5 Bxf5 25. Nxf5 Nxf5 26. Bxf5
gxf5 27. Rxf5 $16 {and after all that White gets an endgame with good winning
chances but certainly Black is still in the game.}) 18... d5 $2 {This is
definitely a mistake, which maximizes the value of the b1-knight and makes it
a monster.} (18... Kh8 $14 {Black should just stand tight and keep his
position together. I don't see a clear way White is breaking through here.})
19. Nd2 $1 {Now White has a decisive advantage, and from here on White played
flawlessly.} dxe4 20. Nxe4 Nef5 21. Rxf5 $3 {Perhaps this is what Black missed
when he played 18... d5? Without this move Black is fine.} (21. Nxf5 $2 Nxf5 {
isn't even better for White.} 22. Rxf5 $6 (22. Qf4 $11) 22... Bxf5 23. Rxf5
Rxe4 $1 {and suddenly the tables turn.}) 21... Nxf5 22. Rxf5 $1 {The point.
Now the rook can't be taken.} (22. Nxf5 $2 Bxf5 23. Rxf5 Rxe4) 22... Qd4+ (
22... gxf5 23. Nf6+ $18) (22... Bxf5 23. Nxf5 gxf5 24. Nf6+ $18) 23. Rf2 f5 24.
Ng5 (24. Nxg6 $5 {might have been slightly more precise and flashier but
certainly White's move is more than enough to win.} hxg6 25. Qxg6+ Qg7 26. Nf6+
Rxf6 27. Qxe8+ $18) 24... Qg7 25. Qxg7+ Kxg7 26. Bc6 $18 {The rest is a matter
of technique. Adhiban showed very good technique in this game and he capped it
off with some very precise calculation.} h6 27. Nxe6+ Rxe6 28. Bxb5 Rb8 29. a4
a6 30. Bc4 Re1+ 31. Kg2 Rxb2 32. Bxa6 Rc1 33. Bc4 Rcxc2 34. Rxc2 Rxc2+ 35. Kf3
Kf6 36. a5 g5 37. a6 $1 Rc1 (37... gxh4 38. a7 $18) 38. Ng2 Ke5 39. Ne3 h5 $5 {
Loses right away but a good practical try, especially right before move 40.} (
39... Ra1 {would still be losing in the long run but would be a little bit
more resilient.} 40. g4 f4 41. Nf5 h5 42. Nh6 $18 {Will win eventually though.}
) 40. Nc2 $1 {It is very nice to find such a move, especially on move 40.} g4+
{Best practical chance} (40... Rxc2 41. a7 $18 {The pawn just queens since the
a2-square is protected.}) 41. Ke3 $1 {Precise calculation} (41. hxg4 $6 fxg4+
42. Ke3 Rf1 {would still be winning for White but would allow the game to drag
on a bit.}) 41... gxh3 42. a7 h2 43. a8=Q h1=Q 44. Qb8+ $1 {The only move that
mates by force. Adhiban probably had to see this move in advance when he
played 41.Ke3!} (44. Qe8+ $6 Kd6 45. Qd8+ Kc6 46. Kf4 $18 {still wins but Kf4
would now be the only move that wins by force, and it is far from easy to find.
}) 44... Kf6 45. Qf8+ Kg6 46. Bf7+ 1-0

[Event "ARM-ch 72nd"]
[Site "Yerevan"]
[Date "2012.01.16"]
[Round "6"]
[White "Simonian, Hrair"]
[Black "Grigoryan, Karen H"]
[Result "0-1"]
[WhiteElo "2470"]
[BlackElo "2482"]
[Annotator "Let's Check"]
[PlyCount "70"]
[EventDate "2012.01.11"]
[EventType "tourn"]
[EventRounds "11"]
[EventCountry "ARM"]
[EventCategory "13"]
[SourceTitle "CBM 147"]
[Source "ChessBase"]
[SourceDate "2012.03.16"]
[SourceVersion "1"]
[SourceVersionDate "2012.03.16"]
[SourceQuality "1"]

1. e4 c5 2. Nc3 g6 3. Nge2 Bg7 4. g3 Nc6 5. Bg2 Rb8 6. O-O b5 7. f4 d6 8. d3
Bd7 9. f5 Nf6 10. Nf4 Ne5 11. Ncd5 Nxd5 12. Nxd5 Bc6 13. Bg5 Bxd5 14. exd5 b4
15. Qe2 h6 16. Be3 g5 17. Be4 Nd7 18. Rab1 Nf6 19. a4 bxa3 20. bxa3 O-O 21. Bd2
Qd7 22. h4 gxh4 23. gxh4 Qa4 24. c4 Rxb1 25. Rxb1 Qxa3 $6 (25... Nxe4 26. dxe4
Qxa3 $19) 26. Rb7 a5 27. Rxe7 Qa1+ 28. Kh2 Qb2 29. Ra7 Nxe4 30. dxe4 Kh8 31.
Qe3 a4 $2 (31... Rb8 32. Kg2 Rb3 $19) 32. Rxa4 $11 Rb8 33. f6 $2 (33. Ra3 Re8
34. Kg2 $11) 33... Qxf6 $19 34. Kh3 Qf1+ 35. Kg3 Rg8 0-1

[Event "Malakoff op 09th"]
[Site "Malakoff"]
[Date "2009.04.15"]
[Round "8"]
[White "Panbukchian, Valentin"]
[Black "Okhotnik, Vladimir"]
[Result "1-0"]
[WhiteElo "2305"]
[BlackElo "2451"]
[Annotator "Malakoff/Primel,D"]
[PlyCount "66"]
[EventDate "2009.04.11"]
[EventType "swiss"]
[EventRounds "9"]
[EventCountry "FRA"]
[SourceTitle "EXT 2010"]
[Source "ChessBase"]
[SourceDate "2010.11.25"]
[SourceVersion "1"]
[SourceVersionDate "2010.11.25"]
[SourceQuality "1"]

1. e4 {Le bulgare revient à une ouverture plus sérieuse que 1.f4 qu'il a
pratiqué dans le tournoi} g6 2. Nc3 (2. d4) 2... Bg7 3. g3 d6 4. Bg2 Nf6 5. d3
(5. d4 {la grande ligne}) 5... O-O 6. h3 (6. f4 $142 c5 7. Nf3 Nc6) 6... e5 $11
7. Nge2 c5 $5 {la position va retomber dans les lignes de la sicilienne fermée}
8. O-O Nc6 9. f4 exf4 10. Nxf4 Rb8 11. Be3 b5 12. Qd2 b4 13. Nd1 $146 ({RR} 13.
Nce2 Bb7 14. g4 a5 15. c4 bxc3 16. bxc3 a4 17. Rab1 Qa5 18. g5 Nd7 19. Nd5 Nce5
20. Nf6+ Nxf6 21. gxf6 Bh8 22. Bh6 Rfe8 23. Nf4 Bc6 24. Rbc1 a3 25. Qf2 Rb2 26.
Qg3 Qd8 27. d4 Nd7 {Kachko,A (2419)-Fedorov,A (2607)/Moscow 2008/CBM 122 Extra/
1/2-1/2 (39)}) 13... a5 14. Kh1 Be6 $132 15. Ne2 $6 Qc8 16. Kh2 Nd7 17. Bh6 $6
{les noirs controlent bien les cases noires au centre et l'échange du B ne
pose pas de problème} Nde5 $15 18. Bxg7 Kxg7 19. Ne3 {[%csl Gd5]} f6 20. c3
bxc3 21. bxc3 Bg8 22. Nf4 a4 {[%cal Ga4a3,Gb8b2]} 23. Nfd5 a3 24. Rab1 Bxd5 $6
(24... Qa6 $5 {[%csl Rd3]} 25. c4 {[%csl Rd4]}) 25. Nxd5 Rf7 26. d4 $14 Nd7 27.
h4 {[%csl Rc8,Rd7,Re6][%cal Gg2h3]} Nf8 28. Bh3 $1 $36 Rxb1 29. Rxb1 (29. Bxc8
Rb2) 29... Qe8 30. Qe3 Ne6 {[%csl Rd4]} 31. h5 $1 cxd4 32. cxd4 Nexd4 33. h6+
$44 Kg8 {Suite illisible ( comme d'habitude avec OKHOTNIK!) et gain blanc au
40ème coup.} 1-0

[Event "EU-chT (Men) 15th"]
[Site "Gothenburg"]
[Date "2005.08.04"]
[Round "6.2"]
[White "D'Amore, Carlo"]
[Black "Karttunen, Mika"]
[Result "1-0"]
[WhiteElo "2463"]
[BlackElo "2409"]
[Annotator "Marin,M"]
[PlyCount "93"]
[EventDate "2005.07.30"]
[EventType "team-swiss"]
[EventRounds "9"]
[EventCountry "SWE"]
[SourceTitle "CBM 109"]
[Source "ChessBase"]
[SourceDate "2005.11.14"]
[SourceVersion "1"]
[SourceVersionDate "2005.11.14"]
[SourceQuality "1"]
[WhiteTeam "Italy"]
[BlackTeam "Finland"]
[WhiteTeamCountry "ITA"]
[BlackTeamCountry "FIN"]

1. Nf3 ({Another popular move order to reach the game position is} 1. e4 c5 2.
Nf3 Nc6 3. d3 g6 4. g3 Bg7 5. Bg2 e5 6. O-O Nge7) 1... c5 2. g3 Nc6 3. Bg2 g6
4. O-O Bg7 5. e4 e5 6. d3 Nge7 {Black's central setup certainly looks solid,
but has just one drawback: the weakness of the d5-square. In order to avoid
ending up in a passive position, White will transfer his knights to c4 and d5,
but this plan is rather time consuming.} 7. Nfd2 ({The alternate plan is} 7. c3
O-O 8. Nbd2 d6 9. a3) 7... O-O 8. Nc3 d6 9. Nc4 Be6 10. Nd5 Qd7 {A critical
position for this variation. White certainly enjoys stability in the centre
but he is far behind in development. These two aspects make determine the
sharp (in a strategic sense) character of the position. My feeling is that
Black should place his queen's rook on d8, in order to over-defend the
d6-square and thus enable the strategical desirable ...Bh3. This would not
only weaken the enemy king's position but also leave the central knight less
stable and more exposed to exchanging. Another element of the position is the
way both sides will handle the pawn tension that will arise after f4 and ...f5.
} 11. f4 $146 {Although thematical, this move has not been previously played
at this stage of the game.} (11. c3 Rad8 $1 (11... f5 12. a4 Kh8 13. a5 Rab8
14. f4 exf4 15. Bxf4 Ne5 16. Nxe7 Qxe7 17. Nxe5 dxe5 18. Be3 Rbd8 19. Qe2 Rd7
20. exf5 gxf5 21. Rae1 $11 {1/2-1/2 Bilek,I-Andersson,U/Palma de Mallorca 1972/
EXT 98 (25)}) 12. Qb3 Kh8 13. a4 f5 14. f4 Bg8 15. Bd2 exf4 16. Bxf4 (16. gxf4
fxe4 17. dxe4 Nxd5 18. exd5 Ne7 {[%cal Ye7f5]}) 16... Nxd5 17. exd5 Ne5 18. Qb5
(18. Nxe5 $2 dxe5 19. Bg5 Bxd5 $1 $17) 18... Nxc4 19. Qxd7 Rxd7 20. dxc4 {
Black's king side extra-pawn is compensated by White's superior activity.} Re8
21. Rae1 Rxe1 22. Rxe1 Bf7 23. g4 $5 fxg4 24. h3 h5 25. hxg4 hxg4 26. Kf2 Bf6
27. Kg3 g5 28. Bd2 Re7 29. Rxe7 Bxe7 30. Kxg4 Bg6 {1/2-1/2 Bilek,I (2500)
-Hecht,H (2505)/Bath 1973/EU-chT} {. After} 31. Bxg5 Bxg5 32. Kxg5 Kg7 $11 {
White has no way to make progress.}) (11. a4 Rad8 $1 (11... f5 12. f4 Rae8 $6 (
12... Kh8 $6 13. c3 Bg8 {looks too slow:} 14. Re1 Rad8 15. a5 fxe4 16. dxe4
exf4 17. Bxf4 $1 Ne5 18. Nxe5 Bxe5 19. Bxe5+ dxe5 20. Qe2 $16 {1-0 Gelman,A 
(2390)-Iskusnyh,S (2460)/Moscow 1996/EXT 98 (55)}) (12... Rad8 $1) 13. c3 exf4
14. gxf4 $6 (14. Bxf4 Ne5 15. Qd2 $14 fxe4 16. Bxe5 $1 dxe5 17. dxe4 {We can
see here that the rook would have been more useful on d8.}) 14... Kh8 15. a5
fxe4 16. dxe4 Bg4 17. Qd3 Nxd5 18. Qxd5 Rd8 {(Admitting the previous mistake)}
19. Qd3 Ne7 {1/2-1/2 Fedorov,A (2495)-Marin,M (2540)/Calarasi 1995/EXT 99}) 12.
c3 $6 (12. f4 $1 Bh3 $5) 12... Bh3 $1 13. f4 Bxg2 14. Kxg2 Nxd5 15. exd5 Ne7
16. Qf3 b6 17. Re1 Qb7 18. fxe5 dxe5 19. Nxe5 Qxd5 20. Bf4 Qxf3+ 21. Nxf3 Nc6 {
This game illustrates Black's optimal scenario. It is White who should think
about equality now.} 22. Rad1 Rd7 23. Ne5 Nxe5 24. Bxe5 {1/2-1/2 Zwaig,A-Minic,
D/Halle 1967/EXT 2000} Bxe5 25. Rxe5 Rfd8 26. Re3 f5 $15 {[%cal Yg8f7] /=})
11... Bg4 $5 (11... Rad8 12. a4 {transposes above.} (12. c3 b5 13. Nce3 f5 $32)
) 12. Qd2 {As we shall see, White's discoordination is of temporary nature.}
exf4 13. Nxf4 Rae8 14. c3 Qd8 15. Qc2 Kh8 16. Bd2 Bc8 17. Rae1 {Black has
failed to find a consequent plan and has lost his advance in development
without slving the problem of the d5-square.} f5 18. Ne3 (18. exf5 $1 $14 {
[%csl Gd5,Rd6,Ge6][%cal Yg2b7,Ye1e6]}) 18... fxe4 19. dxe4 Ne5 20. Bc1 Qa5 21.
a3 c4 $6 {[%csl Gd4]} 22. Rd1 Rd8 23. Kh1 Ng8 24. h3 Rfe8 25. Rd5 Qa6 26. Rd4
$14 {White's position looks more comfortable. The weakness of the e4-pawn is
less significant than that of the d6-pawn. Besides, White has two stable
squares for his pieces (d5 and d4) compared with only one for Black (e5).} Bd7
27. Qe2 b5 28. Qd1 Bc8 29. Ned5 Qb7 30. Be3 Qb8 31. Rd2 Bb7 32. Bd4 Bc6 33. Qe2
Qb7 34. Qf2 Ra8 35. g4 Nh6 36. Qh4 Bxd5 37. exd5 Qe7 38. Qg3 Qg5 39. Kh2 Kg8
40. Re2 Qe7 41. Ne6 Nhf7 42. Ref2 Nd8 43. Nxg7 Qxg7 44. g5 Qe7 45. h4 Nd3 46.
Rf6 Nb7 47. h5 1-0

[Event "Cupa Dinamo"]
[Site "Brasov"]
[Date "1998.??.??"]
[Round "13"]
[White "Sofronie, Iulian"]
[Black "Moldovan, Daniel"]
[Result "0-1"]
[WhiteElo "2405"]
[BlackElo "2420"]
[Annotator "Marin,M"]
[PlyCount "88"]
[EventDate "1998.03.??"]
[EventType "tourn"]
[EventRounds "11"]
[EventCountry "ROU"]
[EventCategory "8"]
[SourceTitle "CBM 063 Extra"]
[Source "ChessBase"]
[SourceDate "1998.04.29"]
[SourceVersion "1"]
[SourceVersionDate "1998.04.29"]
[SourceQuality "1"]

1. e4 c5 2. Nf3 Nc6 3. Nc3 d6 4. g3 g6 5. Bg2 Bg7 6. O-O e5 7. d3 Nge7 8. Nh4
O-O 9. f4 exf4 10. Bxf4 h6 11. Be3 Ne5 12. h3 Be6 13. Qd2 Kh7 14. Ne2 Qd7 15.
Kh2 Rac8 16. c4 b5 17. b3 g5 18. Nf5 Nxf5 19. exf5 Bxf5 20. d4 (20. Rxf5 Qxf5
21. Be4 Qxe4 22. dxe4 Nf3+) 20... cxd4 21. Nxd4 Bd3 22. Nxb5 Bxf1 23. Rxf1 Rcd8
24. Bxa7 Ng6 25. Bb6 Rb8 26. Bd4 f5 27. Bxg7 Qxg7 28. Nxd6 f4 29. gxf4 Nxf4 30.
Be4+ Kh8 31. Rd1 Ne6 32. Qd5 Qb2+ 33. Kh1 Rf2 34. Nf7+ Kg7 35. Qe5+ Qxe5 36.
Nxe5 Nc5 37. Bb1 Rb2 38. Nc6 Re8 39. b4 Na4 40. Bd3 Nc3 41. Ra1 Re3 42. Bf1 Ne4
43. a4 g4 44. hxg4 Nf2+ (44... Nf2+ 45. Kg1 (45. Kg2 Nxg4+ 46. Kh1 Rh2+ 47. Kg1
Rg3+) 45... Nxg4 $19) 0-1

[Event "EU-ch 17th"]
[Site "Gjakova"]
[Date "2016.05.22"]
[Round "10"]
[White "Neverov, Valeriy"]
[Black "Jones, Gawain C B"]
[Result "0-1"]
[WhiteElo "2498"]
[BlackElo "2657"]
[Annotator "Mokal,P"]
[PlyCount "68"]
[EventDate "2016.05.12"]
[EventType "swiss"]
[EventRounds "11"]
[EventCountry "KOS"]
[SourceTitle "CBM 173"]
[Source "ChessBase"]
[SourceDate "2016.07.12"]
[SourceVersion "1"]
[SourceVersionDate "2016.07.12"]
[SourceQuality "1"]

1. e4 c5 2. Nc3 g6 {The liberties of the Dragon player. Black can handle the
Closed Sicilian optimally.} 3. g3 Bg7 4. Bg2 Nc6 5. d3 d6 6. f4 Nf6 7. Nf3 Bg4
{A rare, but somewhat typical approach, although it is more common to similar
positions from the White side of the English opening. Black gives up his B for
the N to achieve dark-square control. Another point to note is that this has
received a stamp of approval from Caruana in 2011.} 8. h3 (8. O-O Nd4 $36) 8...
Bxf3 9. Qxf3 O-O 10. O-O Rb8 {[%csl Ra8][%cal Gb7b5,Gg2a8] Standard plan in
the Closed Sicilian.} (10... Nd4 11. Qf2 Nd7 12. Nd1 Rc8 13. c3 $14 {1-0
Hebden,M (2495)-Gurevich,D (2510)/Hastings 1983/MCD (34)}) (10... Rc8 11. Nd1
b5 12. a3 $5 c4 13. c3 cxd3 14. Qxd3 a6 15. Be3 (15. a4 $5) 15... Na5 16. Bf2
Nb3 $132 {½-½ Pridorozhni,A (2550)-Caruana,F (2711)/Khanty-Mansiysk 2011/CBM
145 (71)}) 11. Nd1 (11. g4 Nd4 12. Qf2 b5 13. Nd1 b4 $132 {[%csl Gb4,Gc5,Gd4,
Gd6,Ge7,Gf6,Gg7] 1/2-1/2 Movsziszian,K (2457)-Cebalo,M (2397)/Bratto ITA 2015 
(43)}) (11. Qf2 Nd7 12. g4 e6 13. Ne2 $2 Nb4 $17 {[%csl Rc2][%cal Gg7d4,Gb4c2]
0-1 Klenburg,M (2280)-Eingorn,V (2605)/Vienna 1998/EXT 2000 (43)}) 11... b5 12.
c3 {[%csl Rc6][%cal Ge4e5]} (12. e5 $6 Nd4 $15) 12... Nd7 ({It was worth
considering} 12... e6 13. Ne3 (13. e5 Nd5 {is fine for Black}) ({and so is} 13.
f5 b4 $36) 13... Nd7 14. Bd2 a5 $132) 13. Ne3 ({Black's previous move did
nothing about White's threat of} 13. e5 {and that is what White should have
gone for.} Rc8 (13... Na5 14. exd6 exd6 15. Bd2 $14 {[%csl Gd2,Gg2][%cal Gg2a8]
}) 14. exd6 exd6 $14 {[%csl Gc1,Gg2] ^^} ({Here Black could not have played
like in the game with} 14... e6 {since} 15. Be3 {[%csl Rc5] makes it tough to
get back the P easily.})) 13... b4 14. e5 Rc8 15. exd6 e6 $1 {A typical idea
seen often in the Closed and Alapin Sicilians. Black will take back the pawn
favorably, keeping the d<-> semi-open and the d3-P as a target.} 16. Bd2 Nb6
17. Nc4 {White tries his best to get rid of the d3 problem, but he weakens his
P structure all the same.} (17. Rfd1 Na4 $15) 17... bxc3 18. bxc3 Nxc4 19. dxc4
Qxd6 {[%csl Rc4][%cal Gc6a5,Gd6a6] Although White has the ^^ Black seems to be
holding the cards as he will begin to target the weaknesses soon.} 20. Rad1 $6
{The question of 'Which rook' was probably answered by White keeping his
attacking ambitions in mind.} ({Otherwise it would be natural to go for} 20.
Rfd1 $142 Na5 21. Be1 Qa6 22. Bf1 $13 {and try to hold the line, since Black
cannot capture on c4 -} Nxc4 $2 23. Qe2 $18) 20... Na5 21. g4 Nxc4 {The truth
is that White does not have enough attacking resources in the position.} 22.
Bc1 Qa6 23. f5 Ne5 24. Qg3 (24. Qb7 {does not correspond to the ambition with
which the P was sacrificed but it may have been slightly better than the game
continuation.} Qxb7 (24... Qa4 25. Bg5) 25. Bxb7 Rb8 26. Be4 exf5 27. gxf5 $15)
24... exf5 25. gxf5 c4 $1 $17 {[%csl Gd3]} 26. Rd5 Nd3 27. Be3 Rcd8 $4 {
Probably, the time situation could explain this serious mistake, as well as
the ones that follow.} (27... Bxc3 $142 $17) 28. fxg6 $1 fxg6 $8 (28... hxg6 $2
29. Rxf7 $3 Kxf7 (29... Rxd5 30. Rxg7+ $1 Kxg7 31. Bxd5 $18 {[%cal Ge3d4,Gg3g5]
}) 30. Qc7+ {[%csl Rd8]} Kg8 (30... Ke6 31. Rxd8 Rxd8 32. Qxd8 $18 {[%csl Re6]
[%cal Gd8e8,Gg2d5]}) 31. Rxd8 Rxd8 32. Qxd8+ Kh7 33. Qh4+ Kg8 34. Bd5+ $18) 29.
Rxf8+ Rxf8 30. Rd7 Qb5 $2 (30... Qc8 $142 31. Rxa7 Qe6 $14) 31. Rb7 $2 (31.
Rxg7+ $142 Kxg7 32. Bd4+ Kf7 33. Qd6 $18 {[%cal Gg2d5]}) 31... Qa5 $2 (31...
Qe8 $142 32. Bd5+ (32. Rxa7 Qe6 $14) 32... Kh8 33. Rxg7 Kxg7 34. Bd4+ Rf6 35.
Bxc4 Qe1+ 36. Qxe1 Nxe1 37. Bxf6+ Kxf6 38. Kf2 $14) 32. Qc7 $2 {It is White
who makes the last mistake.} (32. Qd6 $16 {[%cal Gg2d5]}) (32. Qh4 $5 {[%cal
Gh4c4,Gb7g7]} Qxc3 33. Rxg7+ Qxg7 (33... Kxg7 34. Bd4+ $18) 34. Qxc4+ Rf7 35.
Qxd3 $16) 32... Qxc3 33. Rb1 Bd4 34. Bd5+ Kh8 0-1

[Event "Serbian-ch 29th"]
[Site "Sabac"]
[Date "1998.04.23"]
[Round "4"]
[White "Kogan, Artur"]
[Black "Arsovic, Goran"]
[Result "1-0"]
[WhiteElo "2505"]
[BlackElo "2475"]
[Annotator "Petursson,M"]
[PlyCount "75"]
[EventDate "1998.04.20"]
[EventType "tourn"]
[EventRounds "13"]
[EventCountry "YUG"]
[EventCategory "9"]
[SourceTitle "CBM 065"]
[Source "ChessBase"]
[SourceDate "1998.08.06"]
[SourceVersion "1"]
[SourceVersionDate "1998.08.06"]
[SourceQuality "1"]

1. e4 c5 2. Nc3 d6 3. g3 Nc6 4. Bg2 g6 5. d3 Bg7 6. Nf3 Nf6 7. O-O O-O 8. h3
Rb8 9. a4 b6 10. Be3 Bb7 11. Nh4 e5 12. Qd2 Nd4 13. Bg5 Ne6 14. Bh6 d5 15. Bxg7
Nxg7 16. Qh6 d4 17. Nb5 a6 18. Na3 Kh8 19. Nc4 Ng8 20. Qd2 f6 21. b4 b5 22.
axb5 axb5 23. Na5 c4 24. f4 exf4 25. Nxb7 Rxb7 26. gxf4 f5 27. e5 Rb8 28. Qf2
Ne6 29. Ra7 Ne7 30. Qg3 Nc8 $4 (30... Re8 $14) {[%tqu "En","How do you punish
Black for his blunder?","Black has weak white squares on the kingside.",
"Consider a rook sacrifice!","a7h7","",12]} 31. Rxh7+ $1 $18 Kxh7 32. Qxg6+ Kh8
33. Qh6+ $1 Kg8 34. Qxe6+ Kh7 35. Qg6+ Kh8 36. Nxf5 Qd7 37. Qh6+ Kg8 38. Bd5+
1-0